mysqli: Table './ulib62015/stat_globaluid' is marked as crashed and should be repaired
select id from stat_globaluid where statuid='20260517120952_4824'
mysqli: Table './ulib62015/stat_globaluid' is marked as crashed and should be repaired
DELETE FROM stat_globaluid
WHERE id NOT IN (
SELECT id
FROM (
SELECT id
FROM stat_globaluid
ORDER BY id DESC
LIMIT 100
) foo
);
mysqli: Table './ulib62015/stat_globaluid' is marked as crashed and should be repaired
insert into stat_globaluid set
statuid='20260517120952_4824',
dt='1778994592',
phpself='/ULIB62015/dublinfull.php',
agent='Mozilla/5.0 AppleWebKit/537.36 (KHTML, like Gecko; compatible; ClaudeBot/1.0; +claudebot@anthropic.com)',
yea='2026',
mon='5',
dat='17',
ip='216.73.216.45'
mysqli: Table './ulib62015/stathist_viewbib_bib_type' is marked as crashed and should be repaired
insert into stathist_viewbib_bib_type set
dat='17' ,
mon='05' ,
yea='2026' ,
statuid='20260517120952_4824' ,
head='30638' ,
foot='marc' ,
dt='1778994592'
| LEADER : 01174nam 2200277 a 4500 |
| 001 30638 |
| 003 ULIB |
| 008 030417s2534 caua sb 001 0 tha |
| 020 ^a9745869651
|
| 060 04 ^aQZ266^bก459 2534
|
| 245 10 ^aการบรรเทาความเจ็บปวดจากมะเร็ง =^bCancer pain relief /^cองค์การอนามัยโลก ;^cผู้แปล, พงศ์ภารดี เจาฑะเกษตริน, สุพัตรา แสงรุจิ, บรรจง คำหอมกุล
|
| 246 31 ^aCancer pain relief
|
| 260 ^aกรุงเทพฯ :^bโครงการตำรา-ศิริราช คณะแพทยศาสตร์ศิริราชพยาบาล มหาวิทยาลัยมหิดล,^c2534
|
| 300 ^a100 หน้า :^bตาราง ;^c19 ซม.
|
| 490 0 ^aโครงการตำรา-ศิริราช ;^vรายการที่ 167 (2-2534)
|
| 650 4 ^aความเจ็บปวด
|
| 650 4 ^aเนื้องอก^xการรักษา
|
| 650 4 ^aมะเร็ง^xการรักษา
|
| 700 0 ^aพงศ์ภารดี เจาฑะเกษตริน,^eผู้แปล
|
| 700 0 ^aสุพัตรา แสงรุจิ,^eผู้แปล
|
| 700 0 ^aบรรจง คำหอมกุล,^eผู้แปล
|
| 710 1 ^aองค์การอนามัยโลก
|
| 710 0 ^aมหาวิทยาลัยมหิดล.^bคณะแพทยศาสตร์ศิริราชพยาบาล.^bโครงการตำรา- ศิริราช
|
| 945 ^p0^l0^i010817
|
| 945 ^p0^l0^i005735
|
| 945 ^p0^l0^i006357 |
| 999 ^alib
|
| คุณยังไม่ได้ล็อกอิน คุณสามารถมีกิจกรรมร่วมกับเว็บไซต์ได้ แต่ต้องล็อกอินก่อน :: |
|
|
|
รายการใกล้เคียง
หัวเรื่อง [ความเจ็บปวด]
|
|
ยังไม่เคยถูกคอมเมนท์
|
| คอมเมนท์ทรัพยากรรายการนี้ |
|